| 000 | 00501nam a2200181Ia 4500 | ||
|---|---|---|---|
| 999 |
_c33695 _d33695 |
||
| 003 | OSt | ||
| 005 | 20200903113809.0 | ||
| 008 | 190216s9999||||xx |||||||||||||| ||und|| | ||
| 020 | _a9780471043652 | ||
| 040 | _coclc | ||
| 082 |
_a531 _bCHO/C |
||
| 100 |
_aChow, Tai L _94401 |
||
| 245 | 0 |
_aClassical Mechanics / _cTai L Chow |
|
| 260 |
_bJohn Wiley & Sons, _c1995. _aNew York: |
||
| 300 | _a543p | ||
| 650 | _aClassical Mechanics | ||
| 942 |
_cBK _2ddc _h531 _iCHO/C _k531 _mCHO/C |
||